<?xml version="1.0" encoding="UTF-8"?>
<record
    xmlns:xsi="http://www.w3.org/2001/XMLSchema-instance"
    xsi:schemaLocation="http://www.loc.gov/MARC21/slim http://www.loc.gov/standards/marcxml/schema/MARC21slim.xsd"
    xmlns="http://www.loc.gov/MARC21/slim">

  <leader>00768na  a2200253   4500</leader>
  <controlfield tag="001">23743</controlfield>
  <controlfield tag="003">MIRAKIL</controlfield>
  <controlfield tag="005">20181213154919.0</controlfield>
  <controlfield tag="008">171219b        tu            000 0      </controlfield>
  <datafield tag="020" ind1=" " ind2=" ">
    <subfield code="a">9786058531109</subfield>
  </datafield>
  <datafield tag="040" ind1=" " ind2=" ">
    <subfield code="a">Milas</subfield>
    <subfield code="b">tur</subfield>
    <subfield code="c">TR-AnCHP</subfield>
  </datafield>
  <datafield tag="041" ind1=" " ind2=" ">
    <subfield code="a">tur</subfield>
  </datafield>
  <datafield tag="082" ind1=" " ind2=" ">
    <subfield code="a">939.2</subfield>
    <subfield code="b">E95b 2014</subfield>
  </datafield>
  <datafield tag="090" ind1=" " ind2=" ">
    <subfield code="a">939.2 E95b 2014</subfield>
  </datafield>
  <datafield tag="100" ind1=" " ind2=" ">
    <subfield code="a">Eyice, Semavi</subfield>
  </datafield>
  <datafield tag="245" ind1=" " ind2=" ">
    <subfield code="a">Binbirkilise</subfield>
    <subfield code="b">Karada&#x11F;</subfield>
    <subfield code="c">Semavi Eyice ; edit&#xF6;r &#x130;lker Mete Mimiro&#x11F;lu</subfield>
  </datafield>
  <datafield tag="260" ind1=" " ind2=" ">
    <subfield code="a">Konya</subfield>
    <subfield code="b">Karaman Belediyesi K&#xFC;lt&#xFC;r yay&#x131;nlar&#x131;</subfield>
    <subfield code="c">2014</subfield>
  </datafield>
  <datafield tag="300" ind1=" " ind2=" ">
    <subfield code="a">245 s.</subfield>
    <subfield code="b">fot&#x11F;.</subfield>
    <subfield code="c">26</subfield>
  </datafield>
  <datafield tag="650" ind1=" " ind2=" ">
    <subfield code="a">Mimari yap&#x131;lar </subfield>
    <subfield code="x">Kiliseler</subfield>
    <subfield code="y">Tarih</subfield>
    <subfield code="z">Anadolu</subfield>
  </datafield>
  <datafield tag="650" ind1=" " ind2=" ">
    <subfield code="a">Anadolu (T&#xFC;rkiye)</subfield>
    <subfield code="x">&#x130;nan&#x131;&#x15F;lar</subfield>
    <subfield code="y">Tarih</subfield>
  </datafield>
  <datafield tag="650" ind1=" " ind2=" ">
    <subfield code="a">Tarih</subfield>
    <subfield code="x">Anadolu (T&#xFC;rkiye)</subfield>
  </datafield>
  <datafield tag="700" ind1=" " ind2=" ">
    <subfield code="a">Mimiro&#x11F;lu, &#x130;lker Mete</subfield>
  </datafield>
  <datafield tag="942" ind1=" " ind2=" ">
    <subfield code="2">ddc</subfield>
    <subfield code="c">BKS</subfield>
  </datafield>
  <datafield tag="952" ind1=" " ind2=" ">
    <subfield code="a">0001</subfield>
    <subfield code="b">0001</subfield>
    <subfield code="d">2017-12-19</subfield>
    <subfield code="e">2</subfield>
    <subfield code="l">0</subfield>
    <subfield code="o">939.2 E95b 2014</subfield>
    <subfield code="p">017738</subfield>
    <subfield code="r">2017-12-19 00:00:00</subfield>
    <subfield code="v">0.00</subfield>
    <subfield code="w">2017-12-19</subfield>
    <subfield code="y">BKS</subfield>
  </datafield>
  <datafield tag="999" ind1=" " ind2=" ">
    <subfield code="c">3074</subfield>
    <subfield code="d">3074</subfield>
  </datafield>
</record>
